Sociálna kvalita a sociálny kapitál

Ľudský kapitál a jeho dimenzie. Formy sociálneho kapitálu. Kvantifikácia sociálneho kapitálu.

Saved in:
Bibliographic Details
Main Author: Antalová, Mária, 1952-
Format: Book Chapter
Language:Slovak
Subjects:
Tags: Add Tag
No Tags, Be the first to tag this record!

MARC

LEADER 00000nla a2200000 4500
001 0236220
005 20240502103251.0
041 0 |a slo 
044 |a SK 
245 1 0 |a Sociálna kvalita a sociálny kapitál  |c Mária Antalová 
520 |a Ľudský kapitál a jeho dimenzie. Formy sociálneho kapitálu. Kvantifikácia sociálneho kapitálu. 
610 2 0 |a kapitál sociálny 
610 2 0 |a spoločnosť vedomostná 
610 2 0 |a kapitál ľudský 
610 2 0 |a kvalita sociálna 
100 1 |a Antalová, Mária, 1952-